000 00557nam a22001577a 4500
003 NUST
005 20260416121431.0
008 260416b ||||| |||| 00| 0 eng d
020 _a 978-1316697689
082 _a004.67
_bNUC
100 _a Antonio Nucci, Konstantina Papagiannaki.
_9134171
245 _aDesign, Measurement and Management of Large-Scale IP Networks: Bridging the Gap Between Theory and Practice /
_c Antonio Nucci, Konstantina Papagiannaki.
260 _aUK
_bCambridge University Press,
_c2008.
563 _aHardcover
942 _2ddc
_cBK
999 _c617120
_d617120